Brasileirão - Statistics

Estatísticas Gerais
  • Esse quiz foi jogado 89 vezes
  • A pontuação média é 8 de 10
Estatísticas das Respostas
DIcas Respostas % Correto
Clube com a maior sequência de pontos corridos (ano recorde) Flamengo
100%
Clube com mais participações no Brasileirão Flamengo
100%
Clube com mais títulos do Brasileirão Palmeiras
100%
Clube que mais vezes foi vice-campeão São Paulo
96%
Único clube que nunca foi rebaixado e tem mais de 3 títulos São Paulo
96%
Jogador com mais gols da história do Brasileirão (era dos pontos corridos) Fred
76%
Primeiro campeão do Brasileirão em 1971 Atlético Mineiro
71%
Jogador com mais jogos disputados no Brasileirão Fábio
42%
Maior artilheiro de uma edição do Brasileirão Washington
40%
Técnico com mais títulos do Brasileirão Felipão
31%
Nenhum quiz correspondente encontrado
Distribuição das Pontuações
Porcentagem de Pessoas com Cada Pontuação
Percentil de Números Respondidos
Sua Pontuação Histórica
Você não jogou esse quiz